000 00664nam a2200193 i 4500
001 170854
003 ES-MaACL
005 20250808062749.0
008 090413s1956 sp |||| | spa d
100 1 _aGonzález-Arintero, Juan.
_9139729
245 1 0 _aCuestiones místicas /
_cpor Juan G. Arintero ; introducción de Sabino M. Lozano.
260 _aMadrid :
_bLa Editorial Católica,
_c1956.
300 _aLVI, 690 p. ;
_c20 cm.
490 1 _aBiblioteca de autores cristianos ;
_v154
700 0 _aMartínez Lozano, Sabino.
_978195
830 0 0 _aBiblioteca de autores cristianos
_v154
_9178679
852 _aES-MaACL
_jJ-152
_9R.46092
999 _c170854
_d170854